| 000 | 01031nam a2200265 i 4500 | ||
|---|---|---|---|
| 001 | 000035997 | ||
| 003 | DO-SdBNP | ||
| 005 | 20250401133621.0 | ||
| 007 | ta | ||
| 008 | 111122s1982 dr 000 0 spa d | ||
| 040 |
_aDO-SdBNP _bspa _cBNPHU _erda |
||
| 041 | _hspa | ||
| 082 | 4 |
_a306.7293 _bL789a _222 |
|
| 100 | 1 |
_aLizardo, Fradique, _d1930-1997 _962027 _4aut. _eautor |
|
| 245 | 1 | 0 |
_aApuntes : _binvestigaciones de campo para el montaje del espectáculo, religiosidad popular dominicana / _cFradique Lizardo. |
| 264 | 3 |
_aSanto Domingo : _bDirección General de Bellas Artes : _bMuseo del Hombre Dominicano, _c1982. |
|
| 300 |
_a35 páginas ; _c21 cm. |
||
| 504 | _aIncluye referencias bibliográficas al pie de las páginas | ||
| 650 | 7 |
_aIdentidad cultural dominicana _2LEMB _981177 |
|
| 650 | 0 |
_aFolclore _zRepública Dominicana _933448 |
|
| 650 | 4 |
_aFestividades Religiosas _918297 _zRepública Dominicana |
|
| 700 | 1 |
_aSeverino, Jorge _957379 _4ilustración |
|
| 910 | _aValidado. Control de Calidad/MAA | ||
| 942 |
_2ddc _cLF2 |
||
| 999 |
_c35488 _d35488 |
||